BIBLIOTECA

SENCICO

Manual de diseño urbano (Registro nro. 2106)

Detalles MARC
000 -LEADER
fixed length control field 00595nam a2200193Ia 4500
005 - DATE AND TIME OF LATEST TRANSACTION
control field 20251020182532.0
008 - FIXED-LENGTH DATA ELEMENTS--GENERAL INFORMATION
fixed length control field 200515s9999 xx 000 0 und d
082 ## - DEWEY DECIMAL CLASSIFICATION NUMBER
Classification number 711.12/B28
100 ## - MAIN ENTRY--PERSONAL NAME
Personal name BAZANT S., Jan
245 #0 - TITLE STATEMENT
Title Manual de diseño urbano
250 ## - EDITION STATEMENT
Edition statement 5a ed.
260 ## - PUBLICATION, DISTRIBUTION, ETC.
Place of publication, distribution, etc. México, D.F.
260 ## - PUBLICATION, DISTRIBUTION, ETC.
Date of publication, distribution, etc. 1998
500 ## - GENERAL NOTE
General note 1 ejemplar
520 ## - SUMMARY, ETC.
Summary, etc. Instrumento útil y eficaz para el diseñador urbano y el arquitecto, porque propone y organiza, de manera temática, criterios técnicos congruentes con la problemática urbana
650 ## - SUBJECT ADDED ENTRY--TOPICAL TERM
Topical term or geographic name entry element LIB
650 ## - SUBJECT ADDED ENTRY--TOPICAL TERM
Topical term or geographic name entry element URBANISMO
942 ## - ADDED ENTRY ELEMENTS (KOHA)
Koha item type Libros
Existencias
Fecha de la última vez que lo usaron Pago total Signatura topográfica completa Código de barras Precio efectivo desde Tipo de documento Estado perdido Estado dañado No es para préstamo Retirado Ubicación permanente Ubicación actual Fecha de adquisición
15/05/2020   711.12/B28 Bib-Lima15052106 15/05/2020 Libros         Biblioteca Central Lima Biblioteca Central Lima 15/05/2020